Catálogo

LA EDUCACION SUPERIOR EN EL PROCESO HISTORICO DE MEXICO : (Registro nro. 39074)

Detalles MARC
000 -LEADER
fixed length control field 00827nam a2200181 a 4500
001 - CONTROL NUMBER
control field 39074
005 - DATE AND TIME OF LATEST TRANSACTION
control field 20180714012523.0
008 - FIXED-LENGTH DATA ELEMENTS--GENERAL INFORMATION
fixed length control field 140415s2001 mx 000 0 spa d
020 ## - INTERNATIONAL STANDARD BOOK NUMBER
International Standard Book Number 970951385
041 ## - LANGUAGE CODE
Language code of text/sound track or separate title spa
082 ## - DEWEY DECIMAL CLASSIFICATION NUMBER
Classification number 378.72
Item number EDU
245 03 - TITLE STATEMENT
Title LA EDUCACION SUPERIOR EN EL PROCESO HISTORICO DE MEXICO :
Remainder of title PANORAMA GENERAL EPOCAS PREHISPANICA Y COLONIAL
250 ## - EDITION STATEMENT
Edition statement 1a ed.
260 ## - PUBLICATION, DISTRIBUTION, ETC.
Place of publication, distribution, etc. MEXICO :
Name of publisher, distributor, etc. ANUIES,
Date of publication, distribution, etc. 2001
300 ## - PHYSICAL DESCRIPTION
Extent
Dimensions x 2316
520 ## - SUMMARY, ETC.
Summary, etc. LAS CONFERESIAS MAGISTRALES, QUE EN EL PRESENTE TOMO FORMAN EL APARTADO PANORAMA GENERAL, ANALIZAN LA EDUCAIÓN SUPERIOR MEXICANA EN LAS DISTINTAS ÉPOCAS, E INCLUYEN UN ENFOQUE PROSPECTIVO.
650 14 - SUBJECT ADDED ENTRY--TOPICAL TERM
Topical term or geographic name entry element EDUCACIN SUPERIOR
General subdivision MXICO
-- HISTORIA
-- EPOCA PREHISPANICA
-- EDUCACIN SUPERIOR
-- MXICO
-- HISTORIA
-- EPOCA COLONIAL
-- EDUCACIN SUPERIOR
-- MXICO
-- HISTORIA
Existencias
Withdrawn status Lost status Source of classification or shelving scheme Damaged status Not for loan Collection code Home library Current library Shelving location Date acquired Source of acquisition Inventory number Total Checkouts Full call number Barcode Date last seen Price effective from Koha item type Date last checked out
    Dewey Decimal Classification     General Biblioteca Karol Wojtyla Biblioteca Karol Wojtyla Sala general 03/12/2013 Compra 151000000000000000045474   378.72 EDU 58752 05/01/2026 03/12/2013 Libro  
    Dewey Decimal Classification     General Biblioteca Karol Wojtyla Biblioteca Karol Wojtyla Sala general 03/12/2013 Compra 151000000000000000045476   378.72 EDU 64760 05/01/2026 03/12/2013 Libro  
    Dewey Decimal Classification     General Biblioteca Karol Wojtyla Biblioteca Karol Wojtyla Sala general 03/12/2013 Compra 151000000000000000045475   378.72 EDU 58753 05/01/2026 03/12/2013 Libro  
    Dewey Decimal Classification     General Biblioteca Karol Wojtyla Biblioteca Karol Wojtyla Sala general 03/12/2013 Compra 151000000000000000045473   378.72 EDU 58751 05/01/2026 03/12/2013 Libro 11/11/2017